000 01382nam a2200361Ia 4500
001 ebr10654877
003 CaPaEBR
006 m u
007 cr cn|||||||||
008 111201s2012 nyua sb 001 0 eng d
010 _z 2011048505
020 _z161942486X (hbk.)
020 _z9781619424869 (hbk.)
020 _z9781619424906 (ebook)
040 _aCaPaEBR
_cCaPaEBR
035 _a(OCoLC)828140671
050 1 4 _aBF637.A87
_bP79 2012eb
082 0 4 _a155.9/2
_223
245 0 0 _aPsychology of power
_h[electronic resource] /
_cQuentin G. Fry and Curt O'Donnell, editors.
260 _aNew York :
_bNova Science Publishers,
_cc2012.
300 _ax, 158 p. :
_bill.
490 1 _aPsychology of emotions, motivations and actions
504 _aIncludes bibliographical references and index.
533 _aElectronic reproduction.
_bPalo Alto, Calif. :
_cebrary,
_d2013.
_nAvailable via World Wide Web.
_nAccess may be limited to ebrary affiliated libraries.
650 0 _aAuthority.
650 0 _aControl (Psychology)
655 7 _aElectronic books.
_2local
700 1 _aFry, Quentin G.
700 1 _aO'Donnell, Curt.
710 2 _aebrary, Inc.
830 0 _aPsychology of emotions, motivations, and actions series.
856 4 0 _uhttp://site.ebrary.com/lib/rucke/Doc?id=10654877
_zAn electronic book accessible through the World Wide Web; click to view
999 _c76179
_d76179